The rheology handbook : for users of rotational and oscillatory rheometers [5th ed.] (Record no. 53151)
[ view plain ]
| 000 -LEADER | |
|---|---|
| fixed length control field | 00668nam a22002177a 4500 |
| 005 - DATE AND TIME OF LATEST TRANSACTION | |
| control field | 20260427095234.0 |
| 008 - FIXED-LENGTH DATA ELEMENTS--GENERAL INFORMATION | |
| fixed length control field | 260427b |||||||| |||| 00| 0 eng d |
| 020 ## - INTERNATIONAL STANDARD BOOK NUMBER | |
| International Standard Book Number | 9783866305328 |
| Qualifying information | hb |
| 020 ## - INTERNATIONAL STANDARD BOOK NUMBER | |
| International Standard Book Number | 386630532X |
| Qualifying information | hb |
| 082 ## - DEWEY DECIMAL CLASSIFICATION NUMBER | |
| Classification number | 620.106 |
| Item number | MEZ.5E |
| 100 ## - MAIN ENTRY--PERSONAL NAME | |
| Personal name | Mezger, Thomas G. |
| 245 ## - TITLE STATEMENT | |
| Title | The rheology handbook : for users of rotational and oscillatory rheometers [5th ed.] |
| 250 ## - EDITION STATEMENT | |
| Edition statement | 5th rev. ed. |
| 260 ## - PUBLICATION, DISTRIBUTION, ETC. | |
| Place of publication, distribution, etc. | Hannover |
| Name of publisher, distributor, etc. | Vincentz Network |
| Date of publication, distribution, etc. | 2020 |
| 300 ## - PHYSICAL DESCRIPTION | |
| Extent | 528p. ; 26cm. |
| 440 ## - SERIES STATEMENT/ADDED ENTRY--TITLE | |
| Title | European coatings library |
| 653 ## - INDEX TERM--UNCONTROLLED | |
| Uncontrolled term | Handbooks and manuals |
| 653 ## - INDEX TERM--UNCONTROLLED | |
| Uncontrolled term | Rheology (Biology) |
| 653 ## - INDEX TERM--UNCONTROLLED | |
| Uncontrolled term | Rheology Handbooks, manuals, etc |
| 942 ## - ADDED ENTRY ELEMENTS (KOHA) | |
| Source of classification or shelving scheme | Dewey Decimal Classification |
| Koha item type | Book |
| Withdrawn status | Lost status | Source of classification or shelving scheme | Damaged status | Not for loan | Collection code | Home library | Current library | Shelving location | Date acquired | Source of acquisition | Total Checkouts | Full call number | Barcode | Date last seen | Price effective from | Koha item type |
|---|---|---|---|---|---|---|---|---|---|---|---|---|---|---|---|---|
| Dewey Decimal Classification | Reference | LRC, IIT Indore | LRC, IIT Indore | 3rd Floor - Reference Collection | 24/04/2026 | PO_2025-26_PO-105 ,Vendor: Education World, Indore ; Inv. No.: HO/IN/26-27/45, dt.17.04.2026 ; Price: EUR 219.00 | 620.106 MEZ.5E | 38827 | 28/04/2026 | 27/04/2026 | Reference Books |
